| 000 | 00596cam a2200229ua 4500 | ||
|---|---|---|---|
| 001 | 9821 | ||
| 008 | 161019n ii |||gr||||Z||||||eng | ||
| 020 | _a9788179773345 | ||
| 040 | _cMAIN | ||
| 041 | _aeng | ||
| 082 | _a823.954 | ||
| 100 |
_aRao, Raja, _eAuthor. |
||
| 245 |
_aKanthapura ( a critical study) _cBy Raja Rao & ed. by Som Deva |
||
| 250 | _a2nd ed. | ||
| 260 |
_aBareilly: _bPrakash book depot, _c2015. |
||
| 300 | _a180p. | ||
| 653 | _aEnglish fiction | ||
| 653 | _aIndian novel in English | ||
| 700 |
_aDeva, Som, _eAuthor. |
||
| 700 |
_aBhatt, P.N., _eReviser. |
||
| 942 | _cBK | ||
| 999 |
_c8831 _d8831 |
||